Irradiation Röntgen preventive intra-abdominale, aprés l'intervention chirurgicale dans un cas de cancer de l'uterus (Registro nro. 37540)

Detalles MARC
000 -LEADER
campo de control de longitud fija 00681nam a2200169 i 4500
001 - NÚMERO DE CONTROL
campo de control 37540
003 - IDENTIFICADOR DE NÚMERO DE CONTROL
campo de control ES-MaACL
005 - FECHA Y HORA DE LA ÚLTIMA TRANSACCIÓN
campo de control 20230906155609.0
007 - CAMPO FIJO DE DESCRIPCIÓN FÍSICA--INFORMACIÓN GENERAL
campo de control de longitud fija t|
008 - DATOS DE LONGITUD FIJA--INFORMACIÓN GENERAL
campo de control de longitud fija 030318s1907 sp ||||1| fre d
100 1# - ENTRADA PRINCIPAL--NOMBRE DE PERSONA
Nombre de persona Comas y Llabería, César.
9 (RLIN) 39955
245 10 - MENCIÓN DEL TÍTULO
Título Irradiation Röntgen preventive intra-abdominale, aprés l'intervention chirurgicale dans un cas de cancer de l'uterus
Resto del título : communication au IIIe Congrès de ... Radiologie medicale... /
Mención de responsabilidad, etc. par les docteurs C. Comas et A. Prió.
260 ## - PUBLICACIÓN, DISTRIBUCIÓN, ETC.
Lugar de publicación, distribución, etc. Barcelone :
Nombre del editor, distribuidor, etc. [s.n.],
Fecha de publicación, distribución, etc. 1907.
650 #4 - PUNTO DE ACCESO ADICIONAL DE MATERIA--TÉRMINO DE MATERIA
Término de materia o nombre geográfico como elemento de entrada Aparato genital femenino-
Subdivisión general Enfermedades-
-- Radioterapia.
9 (RLIN) 165463
700 1# - ENTRADA AGREGADA--NOMBRE PERSONAL
Nombre de persona Prió, A.
9 (RLIN) 156737
852 ## - LOCALIZACIÓN
Ubicación ES-MaACL
Número de control de estantería T-1198-F-6
Existencias
Estatus retirado Estado de pérdida Estado de daño No para préstamo Colección Biblioteca de origen Biblioteca actual Ubicación en estantería Fecha de adquisición Fuente de adquisición Total de préstamos Signatura topográfica completa Código de barras Visto por última vez Precio de reemplazo Tipo de ítem Koha
        Colección de folletos Biblioteca del Ateneo de Madrid Biblioteca del Ateneo de Madrid Depósito folletos 17/01/2008     T-1198-F-6 1039517 23/02/2023 23/02/2023 Folleto